Человек и среда его обитания: Хрестоматия

ग्रंथसूची विवरण
अन्य लेखक: Лисичкин Г. В. (редактор), Чернов Н. Н.
भाषा:रूसी
प्रकाशित: Москва, Мир, 2003
विषय:
स्वरूप: पुस्तक
KOHA link:https://koha.lib.tpu.ru/cgi-bin/koha/opac-detail.pl?biblionumber=57463

MARC

LEADER 00000nam0a2200000 4500
001 57463
005 20231031054241.0
010 |a 5030034676 
035 |a (RuTPU)RU\TPU\book\60629 
090 |a 57463 
100 |a 20031104d2003 m y0rusy50 ca 
101 0 |a rus 
102 |a RU 
105 |a a j 000zy 
200 1 |a Человек и среда его обитания  |e Хрестоматия  |f Под ред. Г. В. Лисичкина; Н. Н. Чернова 
210 |a Москва  |c Мир  |d 2003 
215 |a 460 с.  |c ил. 
610 1 |a экология 
610 1 |a окружающая среда 
610 1 |a человек 
610 1 |a экологические кризисы 
610 1 |a животный мир 
610 1 |a геоэкология 
610 1 |a почва 
610 1 |a загрязнение 
610 1 |a охрана 
610 1 |a фотосинтез 
610 1 |a биосфера 
610 1 |a питание 
610 1 |a растения 
610 1 |a экологическая генетика 
610 1 |a биотехнология 
610 1 |a гены 
610 1 |a живая клетка 
610 1 |a кислород 
610 1 |a ферменты 
610 1 |a ксенобиотики 
610 1 |a кислотные дожди 
610 1 |a автотранспорт 
610 1 |a теплоэнергетика 
610 1 |a озон 
610 1 |a озоновые дыры 
610 1 |a пестициды 
610 1 |a ионизирующие излучения 
610 1 |a радон 
610 1 |a фотохимический смог 
610 1 |a оксид азота 
610 1 |a аэрозоли 
610 1 |a ртуть 
610 1 |a фтор 
610 1 |a диоксины 
610 1 |a метан 
610 1 |a химическое оружие 
610 1 |a солнечная энергия 
610 1 |a фотоэлектрическое преобразование 
610 1 |a полимеры 
610 1 |a промышленный катализ 
610 1 |a природные ресурсы 
610 1 |a истощение 
610 1 |a гидрология 
610 1 |a пресные воды 
610 1 |a здоровье 
610 1 |a тяжелые металлы 
610 1 |a гидросфера 
610 1 |a экологический мониторинг 
610 1 |a закрытые помещения 
610 1 |a эколого-химические проблемы 
610 1 |a планеты 
610 1 |a антропогенная токсикация 
610 1 |a управляемый термоядерный синтез 
610 1 |a хрестоматии 
610 1 |a учебные пособия 
675 |a 504.75(075.8)  |v 3 
702 1 |a Лисичкин  |b Г. В.  |4 340 
702 1 |a Чернов  |b Н. Н.  |4 340 
801 1 |a RU  |b 63413507  |c 20031104  |g PSBO 
801 2 |a RU  |b 63413507  |c 20201130  |g PSBO 
900 |a Охрана окружающей среды 
942 |c BK 
951 |a 511100  |b 011000